初当選の時に社会民主党所属だった国会議員 - Statistics

General Stats
  • This quiz has been taken 13 times
  • The average score is 9 of 26
Answer Stats
初当選の年・参拝 Answer % Correct
1996・衆 辻元清美
100%
1998・参 福島瑞穂
100%
2010・参 吉田忠智
91%
2021・衆 新垣邦男
91%
2012・衆 吉川元
82%
1996・衆 保坂展人
55%
1996・衆 中川智子
55%
2000・衆 阿部知子
55%
2001・参 又市征治
55%
2009・衆 服部良一
55%
2001・参 田嶋陽子
45%
2000・衆 重野安正
27%
2000・衆 日森文尋
9%
2000・衆 菅野哲雄
9%
2000・衆 原陽子
9%
2000・衆 金子哲夫
9%
2000・衆 大島令子
9%
2001・参 大田昌秀
9%
2003・衆 山本喜代宏
9%
2007・参 山内徳信
9%
2009・衆 吉泉秀男
9%
2009・衆 中島隆利
9%
2000・衆 今川正美
0%
2000・衆 北川れん子
0%
2000・衆 植田至紀
0%
2000・衆 東門美津子
0%
No matching quizzes found
Score Distribution
Percent of People with Each Score
Percentile by Number Answered
Your Score History
You have not taken this quiz